| 000 | 00663nam a2200229 i 4500 | ||
|---|---|---|---|
| 001 | bg | ||
| 100 | 1 | _aGIARO, Krzysztof | |
| 245 | 1 | 0 |
_aZłożoność obliczeniowa algorytmów w zadaniach / _cKrzysztof Giaro. |
| 260 |
_aGdańsk : _bWydaw. Politechniki Gdańskiej, _c2002. |
||
| 300 |
_a103, [1] s. : _bil. ; _c24 cm. |
||
| 504 | _aBibliogr. | ||
| 650 | 9 | _aAlgorytmy | |
| 650 | 9 |
_aProgramowanie _xteoria |
|
| 655 | _aĆwiczenia i zadania dla szkół wyższych | ||
| 020 | _a8373480005 | ||
| 040 | _cBPK | ||
| 041 | 0 | _apl | |
| 080 | _a510.5:519.85:004.421](075.8) | ||
| 920 | _a83-7348-000-5 | ||
| 942 | _cKS | ||
| 008 | s pl f |000 0 pol | ||
| 999 |
_c42084 _d42084 |
||
| 856 |
_uhttp://koha.tu.koszalin.pl/cgi-bin/koha/opac-detail.pl?biblionumber=42084 _yKatalog online BPK |
||